000
00274nam a2200109Ia 4500
005
20251222154414.0
008
251222s9999||||xx |||||||||||||| ||spa||
082
_a
781/F41
100
_a
"Fernandez Cid, Antonio"
245
0
_a
Másicos que fueron nuestros amigos
942
_c
LIB
999
_c
35774
_d
35774